000 00919cab a2200253 4500
001 WB3429-27
008 090401t1998 xxu||||| |||| 00| 0 eng d
035 _a(Sirsi) u87704
041 _aeng
245 _aTown and country panning
260 _c1998
350 _a0
490 _aYorkshire Post
_v29 July 1998, 7(2)
520 _aA Yorkshire Post survey shows that planners are nowhere near achieving the goal of 60 per cent of housing on brownfield sites. Planners still await legislation which will help them reject green belt applications. Includes graph of the number of houses being built on greenbelt, brownfield and greenfield sites in Yorkshire.
650 _aBROWNFIELD SITES
650 _aGREEN BELT LAND
650 _aGREENFIELD SITES
650 _aNEW HOUSING
650 _aPLANNING CONTROLS
650 _aYORKSHIRE
690 _aHOUSING-DEVELOPMENT
942 _n0
948 _c29/07/1998
999 _c55336
_d55336